| 000 | 00688nam a2200253 a 4500 | ||
|---|---|---|---|
| 001 | BRCA_5594 | ||
| 005 | 20190320205139.0 | ||
| 008 | 210211d1970----fr-ab#####---#000-0#fre-# | ||
| 041 | _afre | ||
| 044 | _afr | ||
| 050 | 4 |
_aNA2 _b.M67 |
|
| 100 | 1 |
_aMorel, Pierre _914262 |
|
| 245 | 1 | 0 |
_aFontainebleau _cPierre Morel. |
| 260 |
_aFrancia _bB. Arthaud |
||
| 300 |
_a56 p. _bil., 63 láminas, 1 plano _c19 cm. |
||
| 440 | 0 |
_aFontainebleau _v2 _914263 |
|
| 500 | _aRevista inventariada por Banco de México como libro | ||
| 500 | _aF71 | ||
| 650 | 1 | 4 |
_aArte _914264 |
| 650 | 1 | 4 |
_aArquitectura _95213 |
| 651 | 4 |
_aFontainebleau, Francia _xHistoria _914265 |
|
| 902 | _aGFM | ||
| 942 |
_2lcc _cB |
||
| 999 |
_c5288 _d5288 |
||